Novelizovaný zákon o cestnej premávke s vykonávacími vyhláškami s aktualizovanými dôvodovými správami v úplnom znení

Bibliographic Details
Corporate Author: Slovensko (Author)
Format: Book
Language:Slovak
PhysicalDescription:304 strán farebné značky 21 cm
Published: Ružomberok Epos 2022
ISBN:9788056203378
Series:Novelizované zákony s dôvodovými správami v úplnom znení
Subjects:

MARC

LEADER 00000cam a2200000 4500
001 vtls012126700
003 SK-MaSNL
005 20260425234127.0
008 220311s2022 xo l f lf 000 0 slo
015 |a SNBI2022 
020 |a 9788056203378  |q (brožované) 
040 |a SNK  |b slo  |c SNK  |e rda 
041 0 |a slo 
043 |a e-xo--- 
044 |a xo  |c SK 
072 7 |a 656.1/.5  |x Pozemná doprava  |2 konspekt 
080 |a 656.1.051  |2 2011 
080 |a 351.811.122  |2 2011 
080 |a (437.6)  |2 2011 
080 |a (094.5)  |2 2011 
080 |a (094.58)  |2 2011 
080 |a (035)  |2 2011 
110 1 |a Slovensko  |4 aut  |9 266955 
240 1 0 |a Zákon o cestnej premávke (2009, novela 2022) 
245 1 0 |a Novelizovaný zákon o cestnej premávke s vykonávacími vyhláškami s aktualizovanými dôvodovými správami v úplnom znení 
264 1 |a Ružomberok  |b Epos  |c 2022 
300 |a 304 strán  |b farebné značky  |c 21 cm 
336 |a text  |b txt  |2 rdacontent 
337 |a bez média  |b n  |2 rdamedia 
338 |a zväzok  |b nc  |2 rdacarrier 
490 1 |a Novelizované zákony s dôvodovými správami v úplnom znení 
500 |a Špecializovaná edícia neperiodických publikácií Predpisy pre podnikateľskú sféru ; ročník 2022 
504 |a Obsahuje bibliografické odkazy 
650 0 7 |a pravidlá cestnej premávky  |2 SNKPH  |9 67981 
650 0 7 |a Traffic regulations  |2 SNKPHeng  |9 287359 
651 7 |a Slovensko  |2 SNKPH  |9 14231 
651 7 |a Slovakia  |2 SNKPHeng  |9 92630 
655 7 |a zákony  |2 SNKPH  |9 70186 
655 7 |a vyhlášky  |2 SNKPH  |9 70671 
655 7 |a príručky  |2 SNKPH  |9 74364 
655 7 |a Laws  |2 SNKPHeng  |9 266957 
655 7 |a Promulgations  |2 SNKPHeng  |9 292513 
655 7 |a Handbooks, manuals, etc.  |2 SNKPHeng  |9 90964 
730 0 2 |a Vyhláška Ministerstva vnútra Slovenskej republiky č. 9/2009 Z.Z. z 20. decembra 2008, ktorou sa vykonáva Zákon o cestnej premávke a o zmene a doplnení niektorých zákonov  |9 367581 
730 0 2 |a Vyhláška Ministerstva vnútra Slovenskej republiky č. 30/2020 Z.z. z 13. februára 2020 o dopravnom značení  |9 367582 
830 0 |a Novelizované zákony s dôvodovými správami v úplnom znení  |9 293588 
852 |a Štátna vedecká knižnica v Banskej Bystrici 
919 |a 978-80-562-0337-8 
954 |a odborná, vedecká literatúra pôvodná (slovenská)  |2 lita 
958 |a NB 
999 |c 785306  |d 787236 
952 |a SNK  |b SNK  |y PREZ  |7 0  |p 17A1483096  |o snkSC 197546  |i snk2022/8168  |8 0  |0 0  |1 0  |4 0  |d 2022-05-19  |f 1  |l 0  |r 2025-10-20 00:00:00  |w 2026-02-24